000 00298nam a22001337a 4500
020 _a978-9-351-03771-2
082 _a920
_bVEN/A
100 _aVENEZIA, MIKE
245 _aALBERT EINSTEIN
260 _aNEW YORK
_bSCHOLASTIC
_c2009
300 _a32
650 _aBIOGRAPHY
_zUNITED STATES
942 _cBK
999 _c5803
_d5803